Alternative approaches in multilateral decision making (Record no. 34105)

MARC details
000 -LEADER
fixed length control field 00790nam a2200193 a 4500
008 - FIXED-LENGTH DATA ELEMENTS--GENERAL INFORMATION
fixed length control field 060814s2005 ||||||||||||||||| || u
020 ## - INTERNATIONAL STANDARD BOOK NUMBER
International Standard Book Number 9290451726
050 ## - LIBRARY OF CONGRESS CALL NUMBER
Classification number UNIDIR(02)2005/10
100 ## - MAIN ENTRY--PERSONAL NAME
Personal name Randin, Martin
245 10 - TITLE STATEMENT
Title Alternative approaches in multilateral decision making
Statement of responsibility, etc. edited by John Borrie and Martin Randin
246 ## - VARYING FORM OF TITLE
Title proper/short title disarmament as humanitarian action
260 ## - PUBLICATION, DISTRIBUTION, ETC.
Place of publication, distribution, etc. Geneva
Name of publisher, distributor, etc. United Nations Institute for Disarmament Research
Date of publication, distribution, etc. 2005
300 ## - PHYSICAL DESCRIPTION
Extent ix;142p.; ill.
350 ## - PRICE (NR) (BK AM CF MU VM SE) [OBSOLETE]
Price 0.00
650 ## - SUBJECT ADDED ENTRY--TOPICAL TERM
Topical term or geographic name entry element DISARMAMENT
650 ## - SUBJECT ADDED ENTRY--TOPICAL TERM
Topical term or geographic name entry element INTERNATIONAL AGENCIES--DECISION MAKING
700 ## - ADDED ENTRY--PERSONAL NAME
Personal name Borrie, John
995 ## - RECOMMENDATION 995 [LOCAL, UNIMARC FRANCE]
-- 0.00
-- CBU-MAIN LIBRARY (Kitwe)
-- 1
-- 0.00
-- 1
-- AVAILABLE
-- Aug 14, 2006
-- International Publications
Holdings
Withdrawn status Lost status Source of classification or shelving scheme Damaged status Not for loan Home library Current library Shelving location Date acquired Total Checkouts Full call number Barcode Date last seen Price effective from Koha item type
          CBU-MAIN LIBRARY, KITWE. CBU-MAIN LIBRARY, KITWE.   11/30/2022   UNIDIR(02)2005/10 Z03000894 11/30/2022 11/30/2022 MONOGRAPH